000 00644nam a22002177a 4500
003 UA-OsUOA
001 27589
007 ta
008 20040907b un ||||| |||| 00| 0 ukr d
090 _a821.161.2(075.3)
_bВ27
942 _cBK
040 _aUA-OsUOA
_cUA-OsUOA
_dUA-OsUOA
245 _aВеликий Каменяр. Проза та драматургія Івана Франка
_bНавч. посібник.
_cСост. А. А.Чічановський
300 _a672 с.
955 _a0
080 _a821.161.2(075.3)
020 _a966-8066-04-9
260 _aКиїв
_bГрамота
_c2003
650 7 _2UDC
999 _c313938
_d313938